00477nam a2200121 a 45000010005000000030005000050050017000100080041000270400026000681000020000942450161001142600080002751147CDMR20130708112159.0130130s1996||||||||||||||||||||||||||||d aCDMRbcatcCPC GIRONA1 aTouraine, Alain14aEls mass media: nou fòrum polític o destrucció de l'opinió pública?cTouraine, AlainbVII Premis a la investigació sobre comunicació de masses c1996bCentre d'Investigació de la Comunicació, Generalitat de Catalunya